Vlastenecká a internacionálna výchova v slohu

Bibliographic Details
Main Author: Grísa, Ján (Author)
Format: Article
Language:Slovak
Subjects:

MARC

LEADER 00000nab a2200000 a 4500
001 vtls000312022
003 SK-MaSNL
005 20260303191027.0
008 230223c1978 xo 0 slo
015 |a SNBRB19rr/mm-uuuuu 
035 |a CL0002114 
035 |a urn:nbn:sk:snk-ab7ro 
035 |a (urnnbn)urn:nbn:sk:snk:ar-a04yjw 
035 |a (uuid)53b31cc1-cade-4198-90b1-f94c93165f2b 
040 |a SNKBUCL  |b slo  |c SNKBUCL  |e AACR2 
041 0 |a slo 
044 |a xo  |c SK 
080 |a 372  |2 1981 
080 |a 37.03  |2 1981 
100 1 |a Grísa, Ján  |4 aut  |9 942171 
245 1 0 |a Vlastenecká a internacionálna výchova v slohu  |c Ján Grísa 
650 0 7 |a slovenčina  |2 snkbucl  |9 1350 
650 0 7 |a výchova vlastenecká  |2 snkbucl  |9 901938 
655 7 |a články z novín a časopisov  |2 snkbucl  |9 267496 
773 0 |t Slovenský jazyk a literatúra v škole  |g Roč. 24, č. 5 (1977/1978), s. 136-140 
850 |a Slovenská národná knižnica v Martine  |a MTA001 
852 |a SNK  |b KIS3GCP 
954 |a odborná, vedecká literatúra pôvodná (slovenská)  |2 lita 
958 |a RK 
958 |a OND 
958 |a EUIPO 
958 |a article27 
992 |a RBX 
999 |c 2139128  |d 2141058